000 00870 a2200325 4500
001 107174
020 _a9780763629045 (trade bdg.)
020 _a9780763643690
020 _a9781415681398
041 _apor
082 _aAP Toddler [E]
100 _aCousins, Lucy.
250 _a1st U.S. ed.
300 _a[28] p.
697 _aDentists
697 _aTeeth - Care and hygiene
697 _aAnimals
697 _aAnimals - Fiction.
697 _aDentists - Fiction.
697 _aTeeth - Care and hygiene - Fiction.
697 _aTeeth - Fiction.
697 _aDental care
697 _aDental care - Fiction.
856 _u000012/00001259.jpg
040 _aBR-BrIDEA
_cBR-BrIDEA
090 _aAP Toddler [E]
_bCOU
245 1 0 _aMaisy, Charley, and the wobbly tooth
_c Lucy Cousins
260 _a[s.l.]
_bCandlewick Press
_c2006
942 _cBK
999 _c107174
_d107174